00829nam a2200253Ia 4500003000400000005001700004008004100021020002200062040000700084041000800091082001600099100002600115245006000141250000700201260005000208300001800258365001300276650002300289650002300312906007300335942001200408999001900420952013600439OSt20230509114657.0210423s2014 xx 000 0 und d a978-93-5071-456-0 cAL aeng a657.46 DATI aDATEY ( V S )9100675 aIndirect taxes law and practice: part 1service tax Ed33 a33 aNew DelhibTaxmann Publications Pvt Ltdc2014 aI-18,366pbPB b795cINR aAccounting9100676 aIncome Tax9100677 a1service ; Ed33 ; Indirect ; law ; practice: ; service ; tax ; taxes 2ddccBK c165620d165620 001040708MCOMaSACPGbSACPGd2014-07-05eSapna Book Houseg795.00l0o657.46 DATIpPG012118r2022-08-24 00:00:00w2021-04-26yBK